The economics of sports/ (Record no. 3711)

000 -LEADER
fixed length control field 01332cam a22003374a 4500
001 - CONTROL NUMBER
control field 13381371
003 - CONTROL NUMBER IDENTIFIER
control field OSt
005 - DATE AND TIME OF LATEST TRANSACTION
control field 20161103120637.0
008 - FIXED-LENGTH DATA ELEMENTS--GENERAL INFORMATION
fixed length control field 031023s2004 nyua b 001 0 eng
010 ## - LIBRARY OF CONGRESS CONTROL NUMBER
LC control number 2003063696
020 ## - INTERNATIONAL STANDARD BOOK NUMBER
International Standard Book Number 9780321496935
040 ## - CATALOGING SOURCE
Original cataloging agency DLC
Transcribing agency DLC
Modifying agency DLC
042 ## - AUTHENTICATION CODE
Authentication code pcc
050 00 - LIBRARY OF CONGRESS CALL NUMBER
Classification number GV716.L44 2008
082 00 - DEWEY DECIMAL CLASSIFICATION NUMBER
Classification number 338.4/7796
Edition number 22
100 1# - MAIN ENTRY--PERSONAL NAME
Personal name Leeds Michael A.
245 14 - TITLE STATEMENT
Title The economics of sports/
Statement of responsibility, etc Michael A Leeds and Peter von Allmen
260 ## - PUBLICATION, DISTRIBUTION, ETC. (IMPRINT)
Place of publication, distribution, etc Boston :
Name of publisher, distributor, etc Pearson/Addison Wesley,
Date of publication, distribution, etc 2008.
300 ## - PHYSICAL DESCRIPTION
Extent xv,461 p. :
Other physical details ill. ;
Dimensions 24 cm.
440 ## - SERIES STATEMENT/ADDED ENTRY--TITLE
Title The Addison-Wesley series in economics
504 ## - BIBLIOGRAPHY, ETC. NOTE
Bibliography, etc Includes bibliographical references and index.
650 #0 - SUBJECT ADDED ENTRY--TOPICAL TERM
Topical term or geographic name as entry element Sports
General subdivision Economic aspects.
650 #0 - SUBJECT ADDED ENTRY--TOPICAL TERM
Topical term or geographic name as entry element Professional sports
General subdivision Economic aspects.
700 ## - ADDED ENTRY--PERSONAL NAME
Personal name Von Allmen,Peter
856 42 - ELECTRONIC LOCATION AND ACCESS
Materials specified Contributor biographical information
Uniform Resource Identifier <a href="http://www.loc.gov/catdir/bios/hol056/2003063696.html">http://www.loc.gov/catdir/bios/hol056/2003063696.html</a>
856 42 - ELECTRONIC LOCATION AND ACCESS
Materials specified Publisher description
Uniform Resource Identifier <a href="http://www.loc.gov/catdir/description/hol053/2003063696.html">http://www.loc.gov/catdir/description/hol053/2003063696.html</a>
856 41 - ELECTRONIC LOCATION AND ACCESS
Materials specified Table of contents
Uniform Resource Identifier <a href="http://www.loc.gov/catdir/toc/hol051/2003063696.html">http://www.loc.gov/catdir/toc/hol051/2003063696.html</a>
906 ## - LOCAL DATA ELEMENT F, LDF (RLIN)
a 7
b cbc
c orignew
d 1
e ocip
f 20
g y-gencatlg
942 ## - ADDED ENTRY ELEMENTS (KOHA)
Source of classification or shelving scheme
Koha item type Book
Holdings
Withdrawn status Lost status Source of classification or shelving scheme Damaged status Not for loan Home library Current library Shelving location Date acquired Total Checkouts Full call number Barcode Date last seen Copy number Price effective from Koha item type
          Riara University Library Riara University Library General stack 03/11/2016   GV716.L44 2008 7444/16 03/11/2016 C.1 03/11/2016 Book

Riara University Library,
P.O. Box 49940-00100,
Nairobi, Kenya.